000 00976 a2200241 4500
001 4871
005 20260407155436.0
008 260407a1967 arg spa d
003 AR-UNSa-BCEJYS
040 _aAR-UNSa-BCEJYS
_bspa
_cAR-UNSa-BCEJYS
080 _a512
_xAlgebra
245 1 0 _aIntroducción moderna a la matemática superior
250 _a2a. ed.
264 1 _aMadrid :
_bMcGraw-Hill
_c1967
300 _a553 p.
_c23 cm.
505 _a1. Lógica y conjuntos - 2. Cuerpos de números - 3. Los enteros - 4. Grupos - 5. Ecuaciones e inecuaciones - 6. Funciones - 7. Funciones exponenciales y logarítmicas - 8. Funciones trigonométricas - 9. Geometría analítica - 10. Límites - 11. El cálculo - 12. Probabilidad - 13. Algegra de Boole
942 _cBK
590 _aniveau_biblio:m niveau_hierar:0
100 1 _aGutiérrez Vázquez, Santiago
700 1 _aOakley, Cletus O.
700 1 _aAllendoerfer, Carl B.
700 1 _aDíaz de la Cruz Cuesta, Francisco
999 _c440
_d440